000
00293nam a22001337a 4500
008
171030b xxu||||| |||| 00| 0 eng d
020
_a
0324220348
041
_a
eng
080
_2
5TH
_a
33
100
_a
58
101
_a
BUS
245
_a
BUSINESS COMMUNICATION
_c
GUFFEY,M.E
942
_2
udc
_c
BK
999
_c
36540
_d
36540